00353nam a22000977a 4500008004100000082001900041100002300060245011900083260004300202300001000245230606b xxu||||| |||| 00| 0 eng d a342.1618b IPU cUgo Zampettid2000 aConstitution And Parliamentary InformationbThe Role Of The Secretary General In The Administration Of Parliament  aItalybInter parliamentary Unionc2000 a260 p